000 00608nam a2200181Ia 4500
008 151018s9999 xx 000 0 und d
082 _bRBASDV48012
_a891.434
100 _aराज शिवहरे
245 _aग्रामीण आत्मनिर्भरता
250 _b1
260 _bपाथेय
_c2008
300 _a16
600 _aराज शिवहरे
630 _aग्रामीण आत्मनिर्भरता
700 _aराज शिवहरे
730 _aग्रामीण आत्मनिर्भरता
942 _cBOOK
999 _c1047142
_d1047139